00815nam a2200253 4500003000400000005001700004008004100021020001500062040001800077041000800095050002000103245004500123264006100168300003500229336002200264337002400286338002400310500007700334650004200411650004000453700003700493942001400530999001700544OSt20260601193526.0260505b2003 nyua|||| |||| 00| 0 eng d a0060531215 aICIbspacICI aeng 1aNC997bC73 2003 0aCreativity 32 /cDavid E. Carter, editor aNew York, New York :bHarper Design International,c2003 a400 páginas :bilustraciones atexto2rdacontent asin medio2rdamedia avolumen2rdacarrier a"Bright ideas in advertising & design from the USA and around the world" aArte comercialzEstados Unidos935794 aArte comercialvExposiciones935795 1aCarter, David E.,eeditor935796 2lcccBn1 c21192d21192